| 000 | 01155cam a2200217 4500 | ||
|---|---|---|---|
| 001 | WB3926-10 | ||
| 008 | 030709n2003 000 0 eng u | ||
| 035 | _a(Sirsi) u122965 | ||
| 245 | _aHealth dangers of brownfield development | ||
| 260 | _c2003 | ||
| 490 |
_aPlanning (for the Natural and Built Environment) _v(1528) 4 July 2003, 5(1) |
||
| 520 | _aA study published in the journal "Occupational and environmental medicine" stresses that local authorities must take expert advice on the potential public health risks of developing sites on industrially contaminated land and include risk assessments at the earliest possible stage of the planning process. The study examined the deleterious health effects of the presence of the chemical hexachlorobutadiene (HCBD) on residents in existing homes adjacent to two quarries in Halton, Cheshire. The study is available at http://oem.bmjjournals.com/cgi/content/full/60/7/463 | ||
| 590 | _aWB | ||
| 650 | _aBROWNFIELD SITES | ||
| 650 | _aLAND REMEDIATION | ||
| 650 | _aPUBLIC HEALTH | ||
| 650 | _aRISK ASSESSMENTS | ||
| 650 | _aCONTAMINATED LAND | ||
| 690 | _aHOUSING-DEVELOPMENT | ||
| 942 | _n0 | ||
| 999 |
_c73016 _d73016 |
||